Most & Least Linguistically Diverse Countries - Statistics

General Stats
  • This quiz has been taken 45 times
  • The average score is 8 of 20
Answer Stats
Hint Answer % Correct
0.988 Papua New Guinea
80%
0.010 South Korea
70%
0.000 North Korea
63%
0.948 Democratic Republic of the Congo
60%
0.007 Iceland
58%
0.000 Vatican City
58%
0.933 Chad
48%
0.000 San Marino
45%
0.959 Central African Republic
40%
0.974 Cameroon
38%
0.929 South Sudan
38%
0.973 Vanuatu
38%
0.968 Solomon Islands
35%
0.929 Uganda
35%
0.933 Benin
33%
0.001 Cuba
33%
0.000 Haiti
30%
0.007 Burundi
20%
0.010 Saint Vincent and the Grenadines
15%
0.003 El Salvador
8%
No matching quizzes found
Score Distribution
Percent of People with Each Score
Percentile by Number Answered
Your Score History
You have not taken this quiz